<?xml version="1.0" encoding="UTF-8"?>
<collection xmlns:xsi="http://www.w3.org/2001/XMLSchema-instance" xsi:schemaLocation="http://www.loc.gov/MARC21/slim http://www.loc.gov/standards/marcxml/schema/MARC21slim.xsd" xmlns="http://www.loc.gov/MARC21/slim">
 <record>
  <leader>00000cam a22000003a 4500</leader>
  <controlfield tag="001">UP-1685594773861954724</controlfield>
  <controlfield tag="003">Buklod</controlfield>
  <controlfield tag="005">20140424100523.0</controlfield>
  <controlfield tag="006">g||| |     ||   ||</controlfield>
  <controlfield tag="007">ta</controlfield>
  <controlfield tag="008">140424s2012    xx     d     r    |||| u|</controlfield>
  <datafield tag="020" ind1=" " ind2=" ">
   <subfield code="a">9781405170086 (cloth)</subfield>
  </datafield>
  <datafield tag="020" ind1=" " ind2=" ">
   <subfield code="a">1405170085 (cloth)</subfield>
  </datafield>
  <datafield tag="035" ind1=" " ind2=" ">
   <subfield code="a">(iLib)UPBAG-00013429691</subfield>
  </datafield>
  <datafield tag="090" ind1=" " ind2=" ">
   <subfield code="a">QH 541.15 E267</subfield>
   <subfield code="b">E26 2013</subfield>
  </datafield>
  <datafield tag="245" ind1="0" ind2="0">
   <subfield code="a">Ecosystem services in agricultural and urban landscapes</subfield>
   <subfield code="c">edited by Steve Wratten, Harpinder Sandhu, Ross Cullen, Robert Costanza.</subfield>
  </datafield>
  <datafield tag="264" ind1=" " ind2="1">
   <subfield code="a">Chichester, West Sussex, Eng.</subfield>
   <subfield code="b">Wiley-Blackwell</subfield>
   <subfield code="c">c2012.</subfield>
  </datafield>
  <datafield tag="300" ind1=" " ind2=" ">
   <subfield code="a">xviii, 200 p.</subfield>
   <subfield code="b">ill., maps</subfield>
   <subfield code="c">26 cm.</subfield>
  </datafield>
  <datafield tag="504" ind1=" " ind2=" ">
   <subfield code="a">Includes bibliographical references and index.</subfield>
  </datafield>
  <datafield tag="505" ind1="0" ind2=" ">
   <subfield code="a">Part A.Scene setting -- Ecosystem services in farmland and cities -- Ecological processes, functions and ecosystem services: inextricable linkages between wetlands and agricultural systems -- Key ideas and concepts from economics for understanding the roles and value of ecosystem -- Part B. Ecosystem services in three settings -- Viticulture can be modified to provide multiple ecosystem services -- Aquaculture and ecosystem services: reframing the environmental and social debate -- Urban landscapes and ecosystem services -- Part C. Measuring and monitoring ecosystem services at multiple levels -- Scale-dependent ecosystem service -- Experimental assessment of ecosystem services in agriculture -- Part D. Designing ecological systems to deliver ecosystem services -- Towards multifunctional agricultural landscapes for the upper midwest region of the USA -- Supply chain management and the delivery of ecosystems services in manufacturing -- Market-based instruments and ecosystem services: opportunity and experience to date.</subfield>
  </datafield>
  <datafield tag="650" ind1=" " ind2="0">
   <subfield code="a">Ecosystem services.</subfield>
  </datafield>
  <datafield tag="650" ind1=" " ind2="0">
   <subfield code="a">Ecosystem management.</subfield>
  </datafield>
  <datafield tag="650" ind1=" " ind2="0">
   <subfield code="a">Ecology</subfield>
   <subfield code="x">Economic aspects.</subfield>
  </datafield>
  <datafield tag="700" ind1="1" ind2=" ">
   <subfield code="a">Wratten, Stephen D.</subfield>
   <subfield code="e">editor of compilation.</subfield>
  </datafield>
  <datafield tag="700" ind1="1" ind2=" ">
   <subfield code="a">Sandhu, Harpinder</subfield>
   <subfield code="e">editor of compilation.</subfield>
  </datafield>
  <datafield tag="700" ind1="1" ind2=" ">
   <subfield code="a">Cullen, Ross</subfield>
   <subfield code="d">1948-</subfield>
   <subfield code="e">editor of compilation.</subfield>
  </datafield>
  <datafield tag="700" ind1="1" ind2=" ">
   <subfield code="a">Costanza, Robert</subfield>
   <subfield code="e">editor of compilation.</subfield>
  </datafield>
  <datafield tag="776" ind1="0" ind2="8">
   <subfield code="i">Online version</subfield>
   <subfield code="t">Ecosystem services in agricultural and urban landscapes</subfield>
   <subfield code="d">Chichester, West Sussex, UK ; Hoboken, NJ, USA : John Wiley &amp; Sons, Inc., 2012</subfield>
   <subfield code="z">9781118506240</subfield>
   <subfield code="w">(DLC)  2012050959.</subfield>
  </datafield>
  <datafield tag="852" ind1="0" ind2=" ">
   <subfield code="a">UPBAG</subfield>
   <subfield code="b">UPBAG-MAIN</subfield>
   <subfield code="h">QH 541.15 E267 E26 2013</subfield>
  </datafield>
  <datafield tag="942" ind1=" " ind2=" ">
   <subfield code="a">Book</subfield>
  </datafield>
 </record>
</collection>
